Statistiques concernant Football par lettre - M

Cliquez ici pour prendre le quiz!

Statistiques générales

  • Ce quiz a été pris 833 fois
  • Le résultat moyen est 7 sur 12

Statistiques - réponses

IndicesSolution% Correct
Septuple Ballon d'orMessi
100%
Ville anglaise où règnent 2 clubs, City et UnitedManchester
99%
Ballon d'or 2018Modric
96%
BayernMunich
96%
Le numéro 3 de l'AC Milan ne sera plus jamais attribué par respect pour ce joueur Maldini
86%
Les Lions de l'AtlasMaroc
84%
Laurent Blanc est toujours le meilleur buteur de l'histoire de ce club Montpellier
44%
Brest Armorique -> Nantes -> Marseille -> Celta Vigo -> Real Madrid -> Chelsea -> Paris SGMakélélé
23%
Meilleur buteur de la Ligue des Champions en 2004Morientes
16%
Les Harimau MalayaMalaisie
10%
Les Braves FauconsMonténégro
6%
Il a été nommé 42 fois capitaine de l'équipe de France entre 1950 et 1959Marche
3%

Distribution des résultats

Percentile par nombre de réponses

% des personnes avec chaque résultat

Votre développement - résultats

Vous n’avez pas pris ce quiz